[Event "NIV-Colomiers2/Rodez"]
[Site "Colomiers"]
[Date "2009.12.13"]
[Round "4.1"]
[White "Barral, Adrien"]
[Black "Tanguy, Fabien"]
[Result "1/2-1/2"]
[WhiteElo "1814"]
[BlackElo "2008"]
[Annotator "Rybka 3 32-bit "]
[PlyCount "106"]
[EventDate "2009.??.??"]

1. e4 Nf6 2. e5 Nd5 3. c4 Nb6 4. d4 d6 5. exd6 exd6 6. Nf3 Nc6 7. h3 {
dernier coup de la bibliothèque} Bf5 {[%eval 54,11]} 8. Bd3 {[%eval 18,10]}
Qe7+ {[%eval 64,11]} 9. Be3 {[%eval 27,9]} Bg6 $16 {[%eval 89,11]} ({
Rybka 3 32-bit :} 9... Bxd3 10. Qxd3 d5 11. c5 Nc4 12. O-O O-O-O 13. Re1 Qe4
$14 {[%eval 27,9]}) 10. Nc3 {[%eval 82,9]} Nb4 $18 {[%eval 151,9]} ({
Rybka 3 32-bit :} 10... O-O-O 11. O-O Kb8 12. Re1 f6 13. b3 Qd7 14. Bxg6 $16 {
[%eval 82,9]}) 11. Bb1 $16 {[%eval 73,8]} ({Rybka 3 32-bit :} 11. Bxg6 hxg6 12.
Qb3 a5 13. O-O O-O-O 14. a3 Na6 $18 {[%eval 151,9]}) 11... O-O-O {[%eval 95,10]
} 12. Qe2 {[%eval 41,9]} Bxb1 {[%eval 81,12]} 13. Rxb1 {[%eval 57,10]} Qe6 $16
{[%eval 120,11]} ({Rybka 3 32-bit :} 13... g6 14. O-O Bg7 15. d5 Rhe8 16. Rfe1
f5 $14 {[%eval 57,10]}) 14. d5 {[%eval 85,11]} Qg6 {[%eval 85,11]} 15. Nh4 {
[%eval 28,11]} Qd3 {[%eval 49,10]} 16. Qxd3 {[%eval 26,11]} Nxd3+ {
[%eval 40,11]} 17. Kd2 {[%eval 6,11]} Ne5 $16 {[%eval 72,12]} ({
Rybka 3 32-bit :} 17... Nxb2 18. Rxb2 Nxc4+ 19. Kc2 Nxb2 20. Kxb2 a6 21. Kb3
Re8 22. Rc1 h6 23. Bd4 Rg8 $11 {[%eval 6,11]}) 18. b3 {[%eval 70,8]} g6 {
[%eval 72,11]} 19. f4 {[%eval 72,12]} Ned7 {[%eval 83,11]} 20. Nf3 {
[%eval 63,10]} Bh6 {[%eval 96,10]} 21. Ng5 {[%eval 91,12]} Bxg5 {[%eval 91,13]}
22. fxg5 {[%eval 76,11]} Rde8 {[%eval 100,13]} 23. Bd4 {[%eval 100,12]} Ne5 {
[%eval 104,10]} 24. Rbe1 {[%eval 91,12]} Nbd7 {[%eval 91,11]} 25. Ne4 {
[%eval 64,10]} Re7 {[%eval 91,10]} 26. Re2 {[%eval 54,10]} h6 $18 {
[%eval 162,9]} ({Rybka 3 32-bit :} 26... b6 27. Rf1 h6 28. gxh6 $14 {
[%eval 54,10]}) 27. gxh6 $14 {[%eval 54,12]} ({Rybka 3 32-bit :} 27. c5 hxg5
28. cxd6 cxd6 29. Nxd6+ Kb8 30. Nxf7 Rxf7 31. Rxe5 Rh4 32. Re8+ Kc7 33. Be3 Nf6
34. Rc1+ Kd6 $18 {[%eval 162,9]}) 27... Rxh6 {[%eval 62,10]} 28. Rhe1 {
[%eval 37,10]} Rh4 {[%eval 51,10]} 29. c5 {[%eval -2,11]} dxc5 {[%eval -2,10]}
30. Bxe5 $17 {[%eval -98,13]} ({Rybka 3 32-bit :} 30. Bf2 Rf4 31. Bg3 Rf5 32.
Kc2 b6 33. d6 Re6 34. dxc7 Kxc7 35. Rd1 f6 36. Red2 $11 {[%eval -2,10]}) 30...
Rxe5 {[%eval -66,11]} 31. g3 $2 $19 {[%eval -249,11]} ({Rybka 3 32-bit :} 31.
Ng5 f6 32. Nf3 Rxe2+ 33. Rxe2 Rh8 34. Re6 Kd8 35. Kd3 Rh5 36. Ke4 $15 {
[%eval -66,11]}) 31... Rh8 $2 $17 {[%eval -77,12]} ({Rybka 3 32-bit :} 31...
Rxh3 32. Ng5 Rxg3 33. Rxe5 Nxe5 34. Rxe5 f6 35. Re6 Rxg5 36. Rxf6 Rxd5+ 37. Kc3
g5 38. Kc4 Re5 39. Rg6 $19 {[%eval -249,11]}) 32. Ng5 {[%eval -81,11]} Rxe2+ {
[%eval -54,13]} 33. Rxe2 {[%eval -73,11]} Nf6 {[%eval -43,12]} 34. h4 {
[%eval -43,11]} Nxd5 {[%eval -24,13]} 35. Nxf7 {[%eval -28,11]} Rf8 {
[%eval -24,11]} 36. Ne5 {[%eval -50,13]} Rf6 {[%eval -39,11]} 37. Kd3 {
[%eval -57,13]} b5 {[%eval -57,11]} 38. a3 {[%eval -66,12]} Rd6 {[%eval -66,11]
} 39. Kc2 {[%eval -71,11]} a5 $11 {[%eval 12,14]} ({Rybka 3 32-bit :} 39... Re6
40. g4 Nf4 41. Rf2 Rxe5 42. Rxf4 Re2+ 43. Kd3 Rb2 44. Kc3 Rh2 $17 {
[%eval -71,11]}) 40. Nd3 {[%eval 0,12]} Rc6 {[%eval 50,14]} 41. Re5 {
[%eval 50,13]} Rd6 {[%eval 69,13]} 42. Nxc5 {[%eval 51,12]} c6 {[%eval 83,12]}
43. Re6 $11 {[%eval 13,13]} ({Rybka 3 32-bit :} 43. Ne4 Ne3+ 44. Kb2 Rd4 45.
Nc5 Nf5 46. Re8+ Rd8 47. Re6 Rd6 48. Rxd6 Nxd6 49. g4 Kd8 50. Kc3 Ke7 51. Kd4
Kf6 52. Nd7+ Ke6 $16 {[%eval 83,12]}) 43... Rxe6 {[%eval 53,17]} 44. Nxe6 {
[%eval 53,15]} Ne7 {[%eval 108,12]} 45. Kd3 {[%eval 53,14]} Kd7 {[%eval 67,16]}
46. Nf4 {[%eval 58,14]} Kd6 {[%eval 87,13]} 47. h5 $11 {[%eval -9,16]} ({
Rybka 3 32-bit :} 47. Ke4 Nf5 48. Nxg6 $16 {[%eval 87,13]}) 47... gxh5 {
[%eval -9,17]} 48. Nxh5 {[%eval -16,15]} Ke5 {[%eval -16,15]} 49. Nf4 {
[%eval -16,14]} c5 {[%eval 14,16]} 50. a4 {[%eval 3,14]} c4+ {[%eval 19,16]}
51. bxc4 {[%eval -1,18]} bxa4 {[%eval -1,16]} 52. Kc3 {[%eval -2,14]} Ke4 {
[%eval -1,15]} 53. Kb2 {[%eval -1,19]} Kd4 {[%eval 0,17]} 1/2-1/2

[Event "NIV-Colomiers2/Rodez"]
[Site "Colomiers"]
[Date "2009.12.13"]
[Round "4.2"]
[White "Forest, Eric"]
[Black "Durbize, Parick"]
[Result "0-1"]
[WhiteElo "1808"]
[BlackElo "1870"]
[Annotator "Rybka 3 32-bit "]
[PlyCount "144"]
[EventDate "2009.??.??"]

1. e4 b6 2. d4 Bb7 {dernier coup de la bibliothèque} 3. f3 {[%eval 20,8]} e6 {
[%eval 28,8]} 4. Be3 {[%eval -4,9]} Nf6 {[%eval 26,9]} 5. Ne2 {[%eval -15,9]}
Be7 {[%eval 8,10]} 6. Nd2 {[%eval -38,9]} d6 {[%eval 17,10]} 7. c4 {
[%eval -8,9]} O-O {[%eval 0,9]} 8. Qc2 {[%eval -47,9]} Nbd7 {[%eval 0,10]} 9.
Nc3 {[%eval -27,9]} c5 {[%eval 16,10]} 10. d5 {[%eval -5,8]} exd5 {
[%eval 26,10]} 11. cxd5 {[%eval 0,10]} a6 {[%eval 37,12]} 12. Be2 {
[%eval 25,10]} Ne5 {[%eval 49,10]} 13. O-O-O {[%eval -9,9]} b5 {[%eval 16,10]}
14. g4 {[%eval 1,8]} c4 {[%eval 55,11]} 15. Kb1 $11 {[%eval -9,9]} ({
Rybka 3 32-bit :} 15. g5 Nfd7 16. f4 Nd3+ 17. Bxd3 cxd3 18. Qxd3 Rc8 19. a3 Nc5
20. Bxc5 dxc5 21. Rhf1 b4 $14 {[%eval 55,11]}) 15... Rc8 {[%eval 40,13]} 16. g5
{[%eval 40,11]} Ne8 {[%eval 87,13]} 17. f4 {[%eval 87,11]} Nd7 {[%eval 87,10]}
18. Nf3 {[%eval 69,8]} Nc5 {[%eval 87,10]} 19. Rhg1 {[%eval 65,9]} Qa5 {
[%eval 65,9]} 20. Bxc5 {[%eval 52,13]} Rxc5 {[%eval 55,11]} 21. Nd4 {
[%eval 39,10]} Bd8 {[%eval 62,10]} 22. h4 {[%eval 62,9]} Bb6 {[%eval 74,10]}
23. Rg3 {[%eval 28,9]} Rc7 {[%eval 77,10]} 24. Nf3 $2 $17 {[%eval -81,10]} ({
Rybka 3 32-bit :} 24. Nc6 Rxc6 25. dxc6 Bxc6 26. h5 Bc5 27. h6 g6 28. Qd2 Qd8
29. Bf3 $16 {[%eval 77,10]}) 24... Bc8 $11 {[%eval 0,11]} ({Rybka 3 32-bit :} 
24... b4 25. Nd4 bxc3 26. Rxc3 Bxd4 27. Rxd4 Qb6 28. Qd2 f6 29. Rdxc4 $17 {
[%eval -81,10]}) 25. h5 $17 {[%eval -77,9]} ({Rybka 3 32-bit :} 25. Nd4 Bxd4
$11 {[%eval 0,11]}) 25... Bd7 $14 {[%eval 30,10]} ({Rybka 3 32-bit :} 25... b4
26. Na4 Bf2 27. Rg2 Bd7 $17 {[%eval -77,9]}) 26. a3 {[%eval -7,10]} b4 $16 {
[%eval 73,12]} ({Rybka 3 32-bit :} 26... Bf2 27. Rg2 Be3 28. f5 Rb7 29. Na2 Qb6
30. f6 a5 31. fxg7 Nxg7 32. g6 $11 {[%eval -7,10]}) 27. axb4 {[%eval 53,11]}
Qxb4 {[%eval 80,9]} 28. f5 $11 {[%eval 8,10]} ({Rybka 3 32-bit :} 28. Nd4 Bxd4
29. Rxd4 g6 30. Rg1 gxh5 31. f5 a5 32. Bxh5 $16 {[%eval 80,9]}) 28... Bf2 {
[%eval 62,12]} 29. Rg2 {[%eval 42,9]} Be3 {[%eval 42,10]} 30. Rh1 {[%eval 0,9]}
a5 {[%eval 19,9]} 31. Bd1 {[%eval -30,8]} a4 {[%eval 12,10]} 32. Na2 {
[%eval -36,10]} Qb6 {[%eval -12,11]} 33. Qc3 {[%eval -20,9]} Bf4 {[%eval 13,10]
} 34. Rh4 {[%eval 10,12]} Qe3 {[%eval 41,11]} 35. Re2 $15 {[%eval -26,14]} ({
Rybka 3 32-bit :} 35. Rgg4 Qxc3 36. Nxc3 Be3 37. Bxa4 Bxa4 38. Nxa4 h6 39. gxh6
Bxh6 40. e5 dxe5 41. Nxe5 Re7 42. Nxc4 Nf6 43. Rd4 Re1+ 44. Ka2 Rf1 $14 {
[%eval 41,11]}) 35... Qd3+ {[%eval -26,15]} 36. Qxd3 {[%eval -26,14]} cxd3 {
[%eval -22,13]} 37. Rg2 {[%eval -22,11]} Be3 {[%eval -16,10]} 38. Ne1 $17 {
[%eval -102,10]} ({Rybka 3 32-bit :} 38. Rh3 h6 $11 {[%eval -16,10]}) 38... d2
$14 {[%eval 38,13]} ({Rybka 3 32-bit :} 38... h6 39. Nf3 Rc4 40. Nc3 a3 41.
gxh6 Bxh6 42. Nd2 Rb4 43. b3 Bxf5 44. Ka2 $17 {[%eval -102,10]}) 39. Nc2 {
[%eval 38,9]} Bc5 {[%eval 38,13]} 40. Rxd2 {[%eval 20,12]} Rb7 {[%eval 36,10]}
41. Be2 {[%eval -24,9]} Nc7 {[%eval -6,8]} 42. Rh3 {[%eval -57,11]} Rfb8 {
[%eval -41,10]} 43. Na3 $2 $19 {[%eval -192,8]} ({Rybka 3 32-bit :} 43. Ne3 Rb3
44. Bd3 a3 45. Nd1 Bd4 46. h6 g6 47. Bf1 $15 {[%eval -41,10]}) 43... Rb3 $2 $11
{[%eval 0,13]} ({Rybka 3 32-bit :} 43... Re8 44. Ka1 Rxe4 45. Nc3 $19 {
[%eval -192,8]}) 44. Rxb3 {[%eval 0,12]} Rxb3 {[%eval 6,12]} 45. Nc1 {
[%eval -37,10]} Rg3 {[%eval 6,11]} 46. g6 {[%eval -20,11]} fxg6 {[%eval -20,13]
} 47. hxg6 {[%eval -36,12]} hxg6 {[%eval -29,11]} 48. Rd3 $19 {[%eval -142,13]}
({Rybka 3 32-bit :} 48. fxg6 Be8 49. Nd3 Bxa3 50. bxa3 Bxg6 51. e5 Nb5 52. Kb2
dxe5 53. d6 Nxd6 54. Nxe5 Ne4 55. Rd8+ Kh7 56. Bd3 $15 {[%eval -29,11]}) 48...
Rxd3 {[%eval -136,12]} 49. Bxd3 $19 {[%eval -201,13]} ({Rybka 3 32-bit :} 49.
Nxd3 Bxa3 50. bxa3 gxf5 51. exf5 Nxd5 52. Bf3 Nb6 53. Kc2 Bxf5 54. Kc3 Kf7 55.
Nf2 $17 {[%eval -136,12]}) 49... gxf5 {[%eval -185,11]} 50. exf5 {
[%eval -216,12]} Nxd5 {[%eval -171,11]} 51. Bc4 $19 {[%eval -237,12]} ({
Rybka 3 32-bit :} 51. Ne2 Nb4 52. Bb5 Bxf5+ 53. Kc1 Nd3+ 54. Kc2 Nf2+ 55. Kd2
Ne4+ 56. Kd1 Kf7 57. Bxa4 Kf6 58. Nc2 $19 {[%eval -171,11]}) 51... Bc6 $17 {
[%eval -119,14]} ({Rybka 3 32-bit :} 51... Bxf5+ 52. Nd3 Kf8 53. Bxd5 Bxd3+ 54.
Kc1 g5 55. Kd2 Bf5 56. Bc6 g4 57. Ke2 $19 {[%eval -237,12]}) 52. Nd3 {
[%eval -119,16]} Kf8 {[%eval -119,14]} 53. Nxc5 {[%eval -119,15]} dxc5 {
[%eval -136,13]} 54. Nc2 $19 {[%eval -211,15]} ({Rybka 3 32-bit :} 54. Bb5 Bxb5
55. Nxb5 Ke7 56. Kc1 c4 57. Kc2 Ne3+ 58. Kd2 Nxf5 59. Nc3 g5 60. Nxa4 Kd6 61.
Ke2 g4 $17 {[%eval -136,13]}) 54... Nb4 $17 {[%eval -133,16]} ({
Rybka 3 32-bit :} 54... Ke7 55. Kc1 Kf6 56. Bd3 Bd7 57. Kd2 Ke5 58. Ne1 Bxf5
59. Bb5 Nb6 60. Ke3 g5 61. Nf3+ Kf6 $19 {[%eval -211,15]}) 55. Ne3 {
[%eval -133,15]} Be4+ {[%eval -88,15]} 56. Ka1 $4 $19 {[%eval -362,18]} ({
Rybka 3 32-bit :} 56. Kc1 Ke7 57. Kd2 Kf6 58. Kc3 Bxf5 59. Bb5 Be6 60. Bxa4 Ke5
61. Nc4+ Kf4 62. Nd6 g5 63. Nb7 Nd5+ $17 {[%eval -88,15]}) 56... Nc2+ {
[%eval -362,18]} 57. Nxc2 {[%eval -362,16]} Bxc2 {[%eval -298,13]} 58. Be6 {
[%eval -362,18]} Ke7 {[%eval -362,15]} 59. Ka2 $19 {[%eval -509,16]} ({
Rybka 3 32-bit :} 59. Bc8 Kf6 60. Bd7 Bxf5 61. Bxa4 g5 62. Bd1 g4 63. Ka2 g3
64. Bf3 Ke5 65. Bg2 Bc2 66. Ka3 Be4 67. Bf1 Kd4 68. Ka4 g2 69. Bxg2 Bxg2 70.
Kb5 Bf1+ 71. Ka5 c4 $19 {[%eval -362,15]}) 59... g5 {[%eval -509,16]} 60. Bc8 {
[%eval -509,16]} Kf6 {[%eval -582,15]} 61. Ka3 {[%eval -624,14]} Bxf5 {
[%eval -512,16]} 62. Bb7 {[%eval -512,17]} Bc2 {[%eval -512,15]} 63. Bc6 {
[%eval -512,15]} g4 {[%eval -512,13]} 64. Bd5 $2 $19 {[%eval -685,14]} ({
Rybka 3 32-bit :} 64. Ka2 g3 $19 {[%eval -512,13]}) 64... g3 {[%eval -693,14]}
65. Ka2 $2 $19 {[%eval -1586,9]} ({Rybka 3 32-bit :} 65. Bc6 Ke5 $19 {
[%eval -693,14]}) 65... Ke5 $2 $19 {[%eval -789,14]} ({Rybka 3 32-bit :} 65...
Bb3+ 66. Ka3 $19 {[%eval -1586,9]}) 66. Bg2 {[%eval -788,12]} Kd4 {
[%eval -842,12]} 67. Ka3 {[%eval -784,13]} Ke3 {[%eval -806,12]} 68. Bf1 {
[%eval -1036,9]} Kf2 {[%eval -1016,10]} 69. Bh3 {[%eval -714,10]} Bf5 {
[%eval -699,10]} 70. Bxf5 {[%eval -714,9]} g2 {[%eval -699,9]} 71. Kxa4 {
[%eval -714,9]} g1=Q {[%eval -703,9]} 72. Be6 $2 $19 {[%eval -1070,7]} ({
Rybka 3 32-bit :} 72. Kb5 Ke3 $19 {[%eval -703,9]}) 72... Qd1+ {[%eval -887,11]
} 0-1

[Event "NIV-Colomiers2/Rodez"]
[Site "Colomiers"]
[Date "2009.12.13"]
[Round "4.3"]
[White "Artis, François"]
[Black "Besset, Thierry"]
[Result "1-0"]
[WhiteElo "1780"]
[BlackElo "1830"]
[Annotator "Rybka 3 32-bit "]
[PlyCount "69"]
[EventDate "2009.??.??"]

1. e4 e5 2. Nc3 Bc5 3. Nf3 d6 4. Na4 {dernier coup de la bibliothèque} Bb6 {
[%eval 31,10]} 5. Nxb6 {[%eval 16,13]} axb6 {[%eval 16,10]} 6. d4 {[%eval 5,9]}
exd4 {[%eval 31,10]} 7. Qxd4 {[%eval -8,10]} Qf6 {[%eval 50,8]} 8. Bg5 {
[%eval 23,8]} Qxd4 {[%eval 67,12]} 9. Nxd4 {[%eval 56,10]} Nc6 {[%eval 95,12]}
10. Nb5 {[%eval 86,12]} Kd7 {[%eval 106,10]} 11. c3 $14 {[%eval 36,10]} ({
Rybka 3 32-bit :} 11. a3 h6 12. Bf4 Nf6 13. f3 Kd8 14. Rd1 $16 {[%eval 106,10]}
) 11... f6 {[%eval 72,11]} 12. Be3 {[%eval 58,10]} Nge7 {[%eval 85,10]} 13. Be2
{[%eval 28,10]} h5 $16 {[%eval 92,9]} ({Rybka 3 32-bit :} 13... f5 14. f3 Re8
15. O-O Ng8 16. Bd3 Nf6 17. Bg5 $14 {[%eval 28,10]}) 14. O-O {[%eval 88,10]} g5
{[%eval 134,10]} 15. h3 $14 {[%eval 65,9]} ({Rybka 3 32-bit :} 15. f4 g4 16.
Rfd1 Ng6 17. Bc4 Na7 18. Bf7 $16 {[%eval 134,10]}) 15... Na7 $18 {
[%eval 141,10]} ({Rybka 3 32-bit :} 15... Kd8 16. a4 Be6 17. Nd4 Bd7 18. Kh2
$14 {[%eval 65,9]}) 16. Nd4 $14 {[%eval 67,11]} ({Rybka 3 32-bit :} 16. Bd4 Rh6
17. f4 $18 {[%eval 141,10]}) 16... Ke8 {[%eval 111,9]} 17. f4 {[%eval 78,10]}
g4 {[%eval 100,8]} 18. hxg4 {[%eval 78,11]} Bxg4 {[%eval 87,9]} 19. Bxg4 $11 {
[%eval 22,12]} ({Rybka 3 32-bit :} 19. Bc4 Nac6 20. a4 Nxd4 21. Bxd4 Rf8 22.
Be3 Nc6 $16 {[%eval 87,9]}) 19... hxg4 {[%eval 22,10]} 20. Kf2 {[%eval 16,10]}
Kd7 {[%eval 16,9]} 21. Rh1 {[%eval 7,10]} Nac6 {[%eval 59,10]} 22. a3 {
[%eval 0,10]} Nxd4 $16 {[%eval 71,13]} ({Rybka 3 32-bit :} 22... d5 23. exd5
Nxd4 24. Bxd4 Nxd5 $11 {[%eval 0,10]}) 23. Bxd4 {[%eval 52,10]} Rxh1 $18 {
[%eval 141,13]} ({Rybka 3 32-bit :} 23... Ke6 24. Kg3 Nc6 25. Kxg4 Na5 26. f5+
Kf7 27. a4 $14 {[%eval 52,10]}) 24. Rxh1 {[%eval 113,11]} f5 $18 {
[%eval 191,12]} ({Rybka 3 32-bit :} 24... Rf8 25. Kg3 c5 26. Bg1 Rg8 27. Rh7
Ke8 28. f5 b5 29. Rh4 Kf7 30. Kf4 $16 {[%eval 113,11]}) 25. Rh7 {[%eval 171,10]
} Rf8 {[%eval 209,14]} 26. exf5 {[%eval 209,12]} Rxf5 {[%eval 209,15]} 27. Kg3
{[%eval 209,13]} Ke6 {[%eval 213,14]} 28. Kxg4 {[%eval 193,12]} Rf8 {
[%eval 222,12]} 29. g3 {[%eval 203,12]} c5 {[%eval 212,11]} 30. Bf2 {
[%eval 177,10]} d5 $18 {[%eval 251,10]} ({Rybka 3 32-bit :} 30... Nc6 31. Rxb7
Ne5+ 32. fxe5 Rxf2 33. Rxb6 Kxe5 34. a4 d5 35. Rb5 Kd6 36. a5 Kc6 37. Rb6+ Kc7
38. Rb3 Kc6 $18 {[%eval 177,10]}) 31. b4 {[%eval 181,11]} Rg8+ $18 {
[%eval 293,13]} ({Rybka 3 32-bit :} 31... d4 32. cxd4 Nd5 33. Kf3 c4 34. Be3
Nxe3 35. Kxe3 Re8 36. Kd2 Rg8 37. Rh3 b5 $18 {[%eval 181,11]}) 32. Kf3 {
[%eval 253,11]} Nf5 $2 $18 {[%eval 473,13]} ({Rybka 3 32-bit :} 32... Ra8 33.
Rh6+ Kd7 34. Rxb6 Kc7 35. bxc5 Nc6 36. Rb3 Na5 37. Rb2 Nc4 $18 {[%eval 253,11]}
) 33. g4 {[%eval 465,11]} Nd6 {[%eval 473,11]} 34. f5+ {[%eval 453,11]} Kf6 $2
$18 {[%eval 1336,10]} ({Rybka 3 32-bit :} 34... Nxf5 35. gxf5+ Kxf5 36. Rf7+
Ke6 37. Rxb7 Rf8+ 38. Ke2 Ke5 39. bxc5 bxc5 40. Bxc5 Ra8 41. Kd3 Rc8 42. Bd4+
Kd6 43. a4 Ra8 $18 {[%eval 453,11]}) 35. Bh4+ {[%eval 1265,11]} 1-0

[Event "NIV-Colomiers2/Rodez"]
[Site "Colomiers"]
[Date "2009.12.13"]
[Round "4.4"]
[White "Nenert, Louis"]
[Black "Ruault, Vincent"]
[Result "1-0"]
[WhiteElo "1760"]
[BlackElo "1710"]
[Annotator "Rybka 3 32-bit "]
[PlyCount "79"]
[EventDate "2009.??.??"]

1. e4 e6 2. d3 d5 3. Nd2 Nf6 4. Ngf3 c5 5. g3 {dernier coup de la bibliothèque}
h5 {[%eval 10,10]} 6. Bg2 {[%eval -2,11]} Nc6 {[%eval -2,10]} 7. O-O {
[%eval -2,10]} Ng4 $16 {[%eval 81,10]} ({Rybka 3 32-bit :} 7... Be7 8. exd5
exd5 9. Nb3 O-O 10. Bf4 Bf5 11. Qd2 $11 {[%eval -2,10]}) 8. h3 {[%eval 26,10]}
h4 $2 $18 {[%eval 184,9]} ({Rybka 3 32-bit :} 8... Nf6 9. exd5 exd5 10. Nb3 Be7
11. Bf4 O-O 12. Qd2 Re8 $14 {[%eval 26,10]}) 9. Nxh4 $16 {[%eval 74,10]} ({
Rybka 3 32-bit :} 9. hxg4 h3 10. Bh1 d4 11. e5 Qc7 12. Ne4 Bd7 $18 {
[%eval 184,9]}) 9... Be7 $2 $18 {[%eval 268,9]} ({Rybka 3 32-bit :} 9... Nf6
10. exd5 exd5 11. Nb3 Be7 12. Be3 d4 13. Bg5 O-O $16 {[%eval 74,10]}) 10. Ng6
$2 $14 {[%eval 27,9]} ({Rybka 3 32-bit :} 10. hxg4 Bxh4 $18 {[%eval 268,9]})
10... fxg6 {[%eval 87,11]} 11. Qxg4 {[%eval 87,10]} Kf7 $18 {[%eval 182,9]} ({
Rybka 3 32-bit :} 11... g5 12. Qe2 Nd4 13. Qd1 Nc6 14. c3 d4 15. cxd4 $16 {
[%eval 87,10]}) 12. f4 $16 {[%eval 113,8]} ({Rybka 3 32-bit :} 12. exd5 exd5
13. Qf3+ Ke8 14. h4 Nd4 15. Qd1 g5 $18 {[%eval 182,9]}) 12... Bf6 {
[%eval 166,9]} 13. e5 {[%eval 120,11]} Be7 {[%eval 140,10]} 14. c3 {
[%eval 106,10]} Rh6 {[%eval 142,10]} 15. Nf3 {[%eval 137,10]} Rh5 {
[%eval 178,8]} 16. Ng5+ {[%eval 144,12]} Bxg5 {[%eval 157,11]} 17. fxg5+ {
[%eval 138,11]} Ke7 $18 {[%eval 239,10]} ({Rybka 3 32-bit :} 17... Kg8 18. Qf4
Qe7 19. Rb1 a5 20. Be3 b6 21. g4 $16 {[%eval 138,11]}) 18. Qf4 {[%eval 239,10]}
Qe8 {[%eval 260,10]} 19. Bd2 {[%eval 201,10]} Bd7 {[%eval 255,9]} 20. Rf2 {
[%eval 204,10]} Rh8 {[%eval 220,11]} 21. Qg4 $16 {[%eval 139,10]} ({
Rybka 3 32-bit :} 21. Qe3 b6 22. b4 cxb4 23. c4 Kd8 24. cxd5 exd5 25. Bxd5 Be6
26. Bxc6 Qxc6 27. h4 $18 {[%eval 220,11]}) 21... Nxe5 $18 {[%eval 207,12]} ({
Rybka 3 32-bit :} 21... Kd8 22. Raf1 Rc8 23. b3 Kc7 24. Be3 b6 25. d4 $16 {
[%eval 139,10]}) 22. Qe2 {[%eval 187,11]} Nc6 {[%eval 181,8]} 23. h4 {
[%eval 162,9]} Kd8 {[%eval 173,9]} 24. Raf1 {[%eval 146,9]} Ne7 $18 {
[%eval 236,10]} ({Rybka 3 32-bit :} 24... Rc8 25. c4 b6 26. Qe3 Kc7 27. Rf7 $18
{[%eval 146,9]}) 25. Bh3 $18 {[%eval 160,10]} ({Rybka 3 32-bit :} 25. Qe5 Nf5
26. Re1 Rc8 27. c4 b6 28. cxd5 exd5 29. Qxd5 Qg8 30. Qe5 Qe8 $18 {
[%eval 236,10]}) 25... Nf5 {[%eval 160,9]} 26. Bf4 $16 {[%eval 97,9]} ({
Rybka 3 32-bit :} 26. Qe5 b6 27. Bf4 Rc8 28. Re1 Qf7 29. Bd2 Qe7 30. Bxf5 $18 {
[%eval 160,9]}) 26... b6 $18 {[%eval 209,11]} ({Rybka 3 32-bit :} 26... Qe7 27.
Re1 Re8 28. h5 Rc8 29. hxg6 $16 {[%eval 97,9]}) 27. Qe5 {[%eval 160,12]} Rc8 {
[%eval 160,10]} 28. Bxf5 {[%eval 134,13]} exf5 {[%eval 132,12]} 29. Qxg7 {
[%eval 102,11]} Rg8 $2 $18 {[%eval 272,14]} ({Rybka 3 32-bit :} 29... Rc6 30.
Qe5 Qxe5 31. Bxe5 Re8 32. Re1 Ke7 33. d4 Kf7 34. Rf4 Re7 $16 {[%eval 102,11]})
30. Qf6+ {[%eval 272,15]} Qe7 {[%eval 272,14]} 31. Re2 {[%eval 272,13]} Qxf6 {
[%eval 272,12]} 32. gxf6 {[%eval 242,10]} Rc6 {[%eval 272,14]} 33. Bg5 {
[%eval 272,13]} Rf8 {[%eval 272,13]} 34. Rfe1 {[%eval 272,12]} Rcxf6 $2 $18 {
[%eval 429,12]} ({Rybka 3 32-bit :} 34... Kc7 35. Re7 Rfxf6 36. Bxf6 Rxf6 37.
Kf2 a6 38. Kf3 f4 39. g4 Kd6 40. d4 $18 {[%eval 272,12]}) 35. Bxf6+ $2 $18 {
[%eval 257,15]} ({Rybka 3 32-bit :} 35. Re6 Bxe6 36. Rxe6 Kd7 37. Rxf6 Rxf6 38.
Bxf6 Ke6 39. Bh8 Kf7 40. Kf2 Ke6 41. Ke3 $18 {[%eval 429,12]}) 35... Rxf6 {
[%eval 267,12]} 36. d4 {[%eval 241,11]} cxd4 {[%eval 260,12]} 37. cxd4 {
[%eval 259,10]} Rf7 {[%eval 323,12]} 38. Re5 {[%eval 323,12]} f4 {
[%eval 391,11]} 39. Kf2 {[%eval 323,11]} Kc7 {[%eval 326,12]} 40. Rxd5 {
[%eval 311,10]} 1-0

[Event "NIV-Colomiers2/Rodez"]
[Site "Colomiers"]
[Date "2009.12.13"]
[Round "4.5"]
[White "Ruault, Nicolas"]
[Black "Martinez, Loîc"]
[Result "0-1"]
[WhiteElo "1760"]
[BlackElo "1722"]
[Annotator "Rybka 3 32-bit "]
[PlyCount "62"]
[EventDate "2009.??.??"]

1. Nf3 b6 2. g3 Bb7 3. Bg2 Nf6 4. O-O e6 5. d4 d5 {
dernier coup de la bibliothèque} 6. b3 {[%eval -3,10]} Nbd7 {[%eval 43,9]} 7.
Bb2 {[%eval -2,10]} Ne4 {[%eval 47,10]} 8. Re1 {[%eval 1,10]} Bb4 {
[%eval 18,10]} 9. c3 {[%eval 1,11]} Bd6 {[%eval 11,10]} 10. c4 {[%eval -10,9]}
Bb4 {[%eval 38,10]} 11. Nbd2 {[%eval 6,10]} Nxd2 {[%eval 44,12]} 12. Nxd2 {
[%eval 24,10]} Qg5 {[%eval 44,10]} 13. f4 {[%eval 29,10]} Qg6 {[%eval 54,10]}
14. a3 {[%eval 41,13]} Bxd2 {[%eval 41,12]} 15. Qxd2 {[%eval 34,10]} Nf6 {
[%eval 43,9]} 16. Rac1 {[%eval 44,11]} O-O {[%eval 44,11]} 17. cxd5 {
[%eval 31,12]} Bxd5 {[%eval 31,10]} 18. Bxd5 {[%eval 31,14]} exd5 {
[%eval 33,12]} 19. Rxc7 {[%eval 16,11]} Ne4 {[%eval 49,10]} 20. Qd3 {
[%eval 41,13]} h5 {[%eval 51,11]} 21. Rec1 {[%eval 51,10]} h4 {[%eval 58,9]}
22. R1c6 {[%eval 17,13]} Qf5 {[%eval 27,10]} 23. Kg2 {[%eval 17,10]} g6 {
[%eval 47,9]} 24. Bc1 {[%eval 0,12]} Kg7 {[%eval 21,11]} 25. Qf3 {[%eval 6,10]}
Nf6 {[%eval 57,9]} 26. Re7 $11 {[%eval -23,13]} ({Rybka 3 32-bit :} 26. gxh4
Rh8 27. Qh3 Qe4+ 28. Kf2 Rae8 29. e3 Re7 30. a4 $14 {[%eval 57,9]}) 26... Rac8
{[%eval -16,11]} 27. Re5 $4 $19 {[%eval -650,9]} ({Rybka 3 32-bit :} 27. Rcc7
h3+ 28. Kf1 Rxc7 29. Rxc7 Rc8 30. Rxc8 Qxc8 31. Bd2 Qc2 32. Be1 Qf5 33. Qd3
Qxd3 $11 {[%eval -16,11]}) 27... h3+ {[%eval -684,10]} 28. Kf1 $2 $19 {
[%eval -1043,9]} ({Rybka 3 32-bit :} 28. Kg1 Rxc6 $19 {[%eval -684,10]}) 28...
Rxc6 {[%eval -1140,10]} 29. Rxf5 $2 $19 {[%eval -1485,10]} ({Rybka 3 32-bit :} 
29. Bd2 Qb1+ $19 {[%eval -1140,10]}) 29... Rxc1+ {[%eval -1263,9]} 30. Kf2 {
[%eval -1502,10]} Ne4+ $2 $19 {[%eval -690,8]} ({Rybka 3 32-bit :} 30... gxf5
31. e3 $19 {[%eval -1502,10]}) 31. Ke3 $2 {[%eval -32766,3]} ({Rybka 3 32-bit :
} 31. Qxe4 dxe4 $19 {[%eval -690,8]}) 31... Rc3# {[%eval 0,0]} 0-1